Actas del II Seminario de Historia de la Filosofía Española (Record no. 143051)
[ view plain ]
| 000 -LEADER | |
|---|---|
| campo de control de longitud fija | 00962nam a2200229 i 4500 |
| 001 - NÚMERO DE CONTROL | |
| campo de control | 143051 |
| 003 - IDENTIFICADOR DE NÚMERO DE CONTROL | |
| campo de control | ES-MaACL |
| 005 - FECHA Y HORA DE LA ÚLTIMA TRANSACCIÓN | |
| campo de control | 20251220171847.0 |
| 008 - DATOS DE LONGITUD FIJA--INFORMACIÓN GENERAL | |
| campo de control de longitud fija | 070214s1982 sp |||| | spa d |
| 020 ## - NÚMERO INTERNACIONAL ESTÁNDAR DEL LIBRO | |
| Número Internacional Estándar del Libro | 84-7481-239-9 |
| 111 2# - ENTRADA PRINCIPAL--NOMBRE DE CONGRESO/REUNIÓN | |
| Nombre de congreso/reunión o jurisdicción como elemento de entrada | Seminario de Historia de la Filosofía Española |
| Número del congreso/reunión o número de parte o sección | (2º. |
| Fecha del congreso o de la firma del tratado | 1980. |
| Sede del congreso/Lugar de la reunión | Salamanca) |
| 9 (RLIN) | 1039 |
| 245 10 - MENCIÓN DEL TÍTULO | |
| Título | Actas del II Seminario de Historia de la Filosofía Española |
| Resto del título | : Salamanca, del 28 de abril al 2 de mayo de 1980 / |
| Mención de responsabilidad, etc. | coordinador del seminario y edición de Antonio Heredia Soriano. |
| 260 ## - PUBLICACIÓN, DISTRIBUCIÓN, ETC. | |
| Lugar de publicación, distribución, etc. | Salamanca : |
| Nombre del editor, distribuidor, etc. | Universidad de Salamanca, |
| Fecha de publicación, distribución, etc. | 1982. |
| 300 ## - DESCRIPCIÓN FÍSICA | |
| Extensión | 2 v. ; |
| Dimensiones | 24 cm. |
| 490 1# - MENCIÓN DE SERIE | |
| Mención de serie | Acta salmanticensia. 143-144. Filosofía y letras |
| 650 #4 - PUNTO DE ACCESO ADICIONAL DE MATERIA--TÉRMINO DE MATERIA | |
| Término de materia o nombre geográfico como elemento de entrada | Filosofía- |
| Subdivisión geográfica | España- |
| Subdivisión de forma | Congresos y asambleas. |
| 9 (RLIN) | 139496 |
| 700 1# - ENTRADA AGREGADA--NOMBRE PERSONAL | |
| Nombre de persona | Heredia Soriano, Antonio. |
| 9 (RLIN) | 62700 |
| 710 2# - ENTRADA AGREGADA--NOMBRE DE ENTIDAD CORPORATIVA | |
| Nombre de entidad corporativa o nombre de jurisdicción como elemento de entrada | Universidad de Salamanca. |
| 9 (RLIN) | 7275 |
| 830 00 - PUNTO DE ACCESO ADICIONAL DE SERIE-TÍTULO UNIFORME | |
| Título uniforme | Acta Salmanticensia |
| 9 (RLIN) | 181394 |
| 852 ## - LOCALIZACIÓN | |
| Ubicación | ES-MaACL |
| Número de control de estantería | L-11404-05 |
| Estatus retirado | Estado de pérdida | Estado de daño | No para préstamo | Biblioteca de origen | Biblioteca actual | Ubicación en estantería | Fecha de adquisición | Fuente de adquisición | Total de préstamos | Signatura topográfica completa | Código de barras | Visto por última vez | Precio de reemplazo | Tipo de ítem Koha |
|---|---|---|---|---|---|---|---|---|---|---|---|---|---|---|
| Biblioteca del Ateneo de Madrid | Biblioteca del Ateneo de Madrid | Depósito 2 | 17/01/2008 | L-11404-05 | 1148836 | 23/02/2023 | 23/02/2023 | Libro impreso |
